“锅魁”地点数量≥100的地级行政区 Prefectures with ≥100 "Guokui" sites - Statistics

General Stats
  • This quiz has been taken 34 times
  • The average score is 9 of 17
Answer Stats
地级行政区 数量 % Correct
北京 449
90%
上海 159
90%
西安 773
79%
天津 126
79%
成都 1008
76%
武汉 409
76%
郑州 186
72%
重庆 217
69%
深圳 250
66%
石家庄 176
55%
荆州 339
34%
南阳 131
34%
咸阳 157
31%
保定 150
28%
孝感 104
17%
南充 293
14%
廊坊 102
14%
No matching quizzes found
Score Distribution
Percent of People with Each Score
Percentile by Number Answered
Your Score History
You have not taken this quiz